000 00442nam a2200181Ia 4500
005 20240823033310.0
008 240823s9999||||xx |||||||||||||| ||und||
041 _aENGLISH
082 _A629.27
100 _aAllam W M Bonnick
245 0 _aAutomotive Computer Controlled Systems
250 _a1st
260 _b"Butterworth,O"
500 _aTRANSFERED
650 _aComputer
_bAutomobile Engineering
942 _cBK
999 _c195484
_d195484